Countries with the Most Deaths - Statistics

General Stats
  • This quiz has been taken 53 times
  • The average score is 9 of 10
Answer Stats
Deaths Country % Correct
10,617,528 China
98%
2,458,539 Russia
98%
13,299,618 India
96%
3,280,682 United States
96%
2,755,190 Indonesia
85%
1,191,718 Mexico
83%
1,784,239 Brazil
81%
1,574,533 Japan
77%
2,792,704 Nigeria
73%
1,660,400 Pakistan
71%
No matching quizzes found
Score Distribution
Percent of People with Each Score
Percentile by Number Answered
Your Score History
You have not taken this quiz